| 000 | 00465pab a2200145 454500 | ||
|---|---|---|---|
| 008 | 180718b xxu||||| |||| 00| 0 eng d | ||
| 100 | _aGeorge Alex | ||
| 245 | _aState of health care in Maharashtra: a comparative analysis | ||
| 362 | _a28(32-33) 7 Jul 93, p.1671-683 | ||
| 650 | _a Health Services -- India -- Health Services | ||
| 650 | _aHealth Care -- India -- Maharashtra | ||
| 700 | _aNandraj Sunil | ||
| 773 | _aEconomic and Political Weekly | ||
| 909 | _a24909 | ||
| 999 |
_c24909 _d24909 |
||